<?xml version="1.0" encoding="UTF-8"?>
<record
    xmlns:xsi="http://www.w3.org/2001/XMLSchema-instance"
    xsi:schemaLocation="http://www.loc.gov/MARC21/slim http://www.loc.gov/standards/marcxml/schema/MARC21slim.xsd"
    xmlns="http://www.loc.gov/MARC21/slim">

  <leader>01159nam a22003137a 4500</leader>
  <controlfield tag="003">CSPC</controlfield>
  <controlfield tag="005">20251216160106.0</controlfield>
  <controlfield tag="008">251216c2013    ph  r p  i    00  0 eng d</controlfield>
  <datafield tag="022" ind1=" " ind2=" ">
    <subfield code="a">0048-3318</subfield>
  </datafield>
  <datafield tag="040" ind1=" " ind2=" ">
    <subfield code="a">CSPC</subfield>
    <subfield code="b">eng</subfield>
    <subfield code="c">CSPC</subfield>
    <subfield code="d">rda</subfield>
  </datafield>
  <datafield tag="245" ind1="0" ind2="0">
    <subfield code="a">Philippine journal of nursing.</subfield>
  </datafield>
  <datafield tag="264" ind1=" " ind2=" ">
    <subfield code="a">Benitez Street, Malate, Manila :</subfield>
    <subfield code="b">Graphic Exponent Printing Services, </subfield>
    <subfield code="c">2013.</subfield>
  </datafield>
  <datafield tag="300" ind1=" " ind2=" ">
    <subfield code="a">volumes ;</subfield>
    <subfield code="b">illustrations :</subfield>
    <subfield code="c">27 cm.</subfield>
  </datafield>
  <datafield tag="336" ind1=" " ind2=" ">
    <subfield code="2">rdacontent</subfield>
    <subfield code="a">text</subfield>
  </datafield>
  <datafield tag="337" ind1=" " ind2=" ">
    <subfield code="2">rdamedia</subfield>
    <subfield code="a">unmediated</subfield>
  </datafield>
  <datafield tag="338" ind1=" " ind2=" ">
    <subfield code="2">rdacarrier</subfield>
    <subfield code="a">volumes</subfield>
  </datafield>
  <datafield tag="362" ind1=" " ind2=" ">
    <subfield code="a">Volume 82, Number 1</subfield>
  </datafield>
  <datafield tag="362" ind1=" " ind2=" ">
    <subfield code="a">Volume 82, Number 1</subfield>
  </datafield>
  <datafield tag="362" ind1=" " ind2=" ">
    <subfield code="a">Volume 82, Number 2</subfield>
  </datafield>
  <datafield tag="362" ind1=" " ind2=" ">
    <subfield code="a">Volume 83, Number 1</subfield>
  </datafield>
  <datafield tag="490" ind1=" " ind2=" ">
    <subfield code="a">Official Publication of Philippine Nurses Association, Inc.,</subfield>
  </datafield>
  <datafield tag="504" ind1=" " ind2=" ">
    <subfield code="a">Includes bibliographical references</subfield>
  </datafield>
  <datafield tag="521" ind1=" " ind2=" ">
    <subfield code="a">College of Health and Sciences</subfield>
  </datafield>
  <datafield tag="650" ind1=" " ind2=" ">
    <subfield code="a">Health services</subfield>
    <subfield code="x">Periodicals.</subfield>
    <subfield code="z">Philippines</subfield>
  </datafield>
  <datafield tag="650" ind1=" " ind2=" ">
    <subfield code="a">Nursing journals</subfield>
    <subfield code="x">Periodicals.</subfield>
  </datafield>
  <datafield tag="700" ind1="1" ind2=" ">
    <subfield code="a">Palaganas, Erlinda Castro.,</subfield>
    <subfield code="e">editor.</subfield>
  </datafield>
  <datafield tag="942" ind1=" " ind2=" ">
    <subfield code="2">ddc</subfield>
    <subfield code="n">0</subfield>
    <subfield code="c">SERIALS</subfield>
    <subfield code="h">610.7305</subfield>
    <subfield code="i">P538</subfield>
    <subfield code="k">SER</subfield>
    <subfield code="m">2013</subfield>
  </datafield>
  <datafield tag="952" ind1=" " ind2=" ">
    <subfield code="0">0</subfield>
    <subfield code="1">0</subfield>
    <subfield code="2">ddc</subfield>
    <subfield code="4">0</subfield>
    <subfield code="7">1</subfield>
    <subfield code="a">CSPC</subfield>
    <subfield code="b">CSPC</subfield>
    <subfield code="c">SER</subfield>
    <subfield code="d">2025-12-16</subfield>
    <subfield code="h">January-June 2013 Volume 83, Number 1</subfield>
    <subfield code="l">0</subfield>
    <subfield code="o">Ser NUR 40 v.83 n.1 2013</subfield>
    <subfield code="p">01448S</subfield>
    <subfield code="r">2025-12-16 16:11:38</subfield>
    <subfield code="t">1-1</subfield>
    <subfield code="w">2025-12-16</subfield>
    <subfield code="y">SERIALS</subfield>
    <subfield code="z">Journal </subfield>
  </datafield>
  <datafield tag="952" ind1=" " ind2=" ">
    <subfield code="0">0</subfield>
    <subfield code="1">0</subfield>
    <subfield code="2">ddc</subfield>
    <subfield code="4">0</subfield>
    <subfield code="7">1</subfield>
    <subfield code="a">CSPC</subfield>
    <subfield code="b">CSPC</subfield>
    <subfield code="c">SER</subfield>
    <subfield code="d">2025-12-16</subfield>
    <subfield code="h">July-December 2013 Volume 83, Number 2</subfield>
    <subfield code="l">0</subfield>
    <subfield code="o">Ser NUR 40 v.83 n.2 2013</subfield>
    <subfield code="p">01449S</subfield>
    <subfield code="r">2025-12-16 16:13:45</subfield>
    <subfield code="t">1-2</subfield>
    <subfield code="w">2025-12-16</subfield>
    <subfield code="y">SERIALS</subfield>
    <subfield code="z">Journal </subfield>
  </datafield>
  <datafield tag="952" ind1=" " ind2=" ">
    <subfield code="0">0</subfield>
    <subfield code="1">0</subfield>
    <subfield code="2">ddc</subfield>
    <subfield code="4">0</subfield>
    <subfield code="7">1</subfield>
    <subfield code="a">CSPC</subfield>
    <subfield code="b">CSPC</subfield>
    <subfield code="c">SER</subfield>
    <subfield code="d">2025-12-16</subfield>
    <subfield code="h">July-December 2013 Volume 83, Number 2</subfield>
    <subfield code="l">0</subfield>
    <subfield code="o">Ser NUR 40 v.83 n.2 2013</subfield>
    <subfield code="p">01450S</subfield>
    <subfield code="r">2025-12-16 16:26:51</subfield>
    <subfield code="t">2-2</subfield>
    <subfield code="w">2025-12-16</subfield>
    <subfield code="y">SERIALS</subfield>
    <subfield code="z">Journal </subfield>
  </datafield>
  <datafield tag="999" ind1=" " ind2=" ">
    <subfield code="c">31267</subfield>
    <subfield code="d">31267</subfield>
  </datafield>
</record>
